000 00270nam a2200109Ia 4500
008 190216s9999||||xx |||||||||||||| ||und||
100 _aLadli Mohan Mitra
245 0 _aText Book Of Inoganic Chemistry
260 _bGhose &co.
650 _aInorganic Chemistry
942 _cBK
999 _c1940
_d1940